<?xml version="1.0" encoding="UTF-8"?>
<collection xmlns="http://www.loc.gov/MARC21/slim">
  <record>
    <leader>00000nam  2200000   4500</leader>
    <controlfield tag="001">INLIS000000000016939</controlfield>
    <controlfield tag="005">20240322025143</controlfield>
    <datafield tag="035" ind1="#" ind2="#">
      <subfield code="a">0010-0324000086</subfield>
    </datafield>
    <controlfield tag="007">ta</controlfield>
    <controlfield tag="008">240322################|##########|#|##</controlfield>
    <datafield tag="084" ind1="#" ind2="#">
      <subfield code="a">R 004 LATSAR 2021</subfield>
    </datafield>
    <datafield tag="100" ind1=" " ind2="#">
      <subfield code="a">Nur Hardiyah Saqinah</subfield>
    </datafield>
    <datafield tag="245" ind1="1" ind2="#">
      <subfield code="a">Peningkatan Pemasaran Produk KPM Prokus Secara Online Melalui Aplikasi Sakoo Guna Peningkatan Kesejahteraan /</subfield>
      <subfield code="c">Nur Hardiyah Saqinah</subfield>
    </datafield>
    <datafield tag="260" ind1="#" ind2="#">
      <subfield code="a">Jakarta :</subfield>
      <subfield code="b">Pusbangkader,</subfield>
      <subfield code="c">2021</subfield>
    </datafield>
    <datafield tag="300" ind1="#" ind2="#">
      <subfield code="a">100 halaman ;</subfield>
      <subfield code="c">30 cm</subfield>
    </datafield>
    <datafield tag="650" ind1="#" ind2="4">
      <subfield code="a">Pemasaran</subfield>
    </datafield>
    <datafield tag="520" ind1="#" ind2="#">
      <subfield code="a">Kebijakan penanggulangan kemiskinan diarahkan para upaya peningkatan pendapatan penduduk miskin dan rentan, dan upaya melepaskan ketergantungan masyarakat miskin dan rentan dan upaya melepaskan ketergantungan masyarakat miskin dan rentan terhadap bantuan sosial. Dalam rangka mewujudkan kemandirian masyarakat miskin dan rentan, Direktorat Jenderal Pemberdayaan Sosial berupaya mengembangkan inovasi program penanggulangan kemiskinan dengan melakukan upaya-upaya pemberdayaan sosial melalui kewirausahaan sosial yang bersifat integratif dan adaptif</subfield>
    </datafield>
    <datafield tag="856" ind1="#" ind2="#">
      <subfield code="a">Perpustakaan LAN Pusat</subfield>
    </datafield>
    <datafield tag="990" ind1="#" ind2="#">
      <subfield code="a">23.10.004</subfield>
    </datafield>
  </record>
</collection>
